Coutumes Kabyles du Cap-Aokas : la grossesse, la naissance et la vie de l'enfant jusqu'à la circoncision /

محفوظ في:

المؤلف الرئيسي: Rahmani, Slimane, 1893-1964 (مؤلف)

مؤلفون آخرون: Hardy, de M. Georges.

التنسيق: كتاب

اللغة: French

الموضوعات:

الوسوم: إضافة وسم

لا توجد وسوم, كن أول من يضع وسما على هذه التسجيلة!

رقم الطلب: DT298 .K2 S55 1939

LEADER 01094namaa2200277 4500
001 20197
003 OSt
005 20210209112203.0
008 130303s1939 ae g 000 0 fre d
952 |0 0  |1 0  |2 lcc  |4 0  |6 DT0298 K2 S55 01939  |7 1  |9 10222  |a ARCE  |b ARCE  |d 2021-02-09  |l 0  |o DT298 .K2 S55 1939  |p 1000193  |r 2021-02-09 00:00:00  |w 2021-02-09  |y BK 
999 |c 18703  |d 18703 
040 |c ARCE Library 
043 |a af-ae--- 
050 0 4 |a DT298 .K2 S55 1939 
100 1 |6 880-01  |a Rahmani, Slimane,  |d 1893-1964,  |e author  |9 38113 
245 1 0 |a Coutumes Kabyles du Cap-Aokas :  |b la grossesse, la naissance et la vie de l'enfant jusqu'à la circoncision /  |c Rahmani Slimane. 
264 1 |a Alger :  |b Société Historique Algérienne,  |c 1939. 
300 |a 1 volume (118 pages) ;  |c 25 cm. 
336 |a text  |b txt  |2 rdacontent 
337 |a unmediated  |b n  |2 rdamedia 
338 |a volume  |b nc  |2 rdacarrier 
651 0 |a Algeria  |x Social life and customs. 
700 1 |a Hardy, de M. Georges. 
880 1 |6 100-01/(3/r  |a رحماني، سليمان،‪‪‪‪‪‪‪‪‪‪  |d 1893-1964. 
901 |a reviewed 
942 |c BK  |2 lcc